[Event "BRA-ch Seniors 50"]
[Site "Joao Pessoa"]
[Date "2022.08.20"]
[Round "4"]
[White "De Almeida, Valdemiza Gurgel"]
[Black "Goldenbrain, Luiz Glaudivan Silv"]
[Result "0-1"]
[WhiteElo "1358"]
[BlackElo "1564"]
[PlyCount "94"]
[EventDate "2022.08.19"]
[EventType "k.o."]
[EventRounds "5"]
[EventCountry "BRA"]
[SourceTitle "CBM 210 Extra"]
[Source "ChessBase"]
[SourceDate "2022.11.30"]
[SourceVersion "1"]
[SourceVersionDate "2022.11.30"]
[SourceQuality "1"]

1. e4 d5 2. e5 c5 3. Nf3 Nc6 4. Bb5 Bd7 5. Bxc6 Bxc6 6. d4 e6 7. Be3 c4 8. c3 h6 9. 0-0 Be7 10. h3 Qb6 11. Qe2 Bb5 12. Nh2 Qa6 13. Nd2 0-0-0 14. Qf3 Rf8 15. Rfe1 g5 16. Ng4 f5 17. exf6 Nxf6 18. Qg3 Nh5 19. Qh2 Nf4 20. Bxf4 gxf4 21. Ne5 Be8 22. Ndf3 Rhg8 23. b3 b5 24. Ng4 Bh5 25. Nfe5 Bxg4 26. Nxg4 Bd6 27. f3 h5 28. Ne5 Bxe5 29. dxe5 Qb6+ 30. Kh1 h4 31. bxc4 dxc4 32. Red1 Rg5 33. Rd6 Qe3 34. Qg1 Rxe5 35. Kh2 Rg8 36. Rdd1 Reg5 37. g4 hxg3+ 38. Kg2 Qe2+ 39. Kh1 g2+ 40. Kh2 Qxf3 41. Qxa7 Qxh3+ 42. Kg1 Qh1+ 43. Kf2 g1Q+ 44. Rxg1 Rg2+ 45. Kf3 Rxg1+ 46. Kxf4 Rf8+ 47. Ke5 Qd5# 0-1

[Event "Joao Pessoa Fischer Memorial 7th"]
[Site "Joao Pessoa"]
[Date "2016.03.12"]
[Round "4"]
[White "De Almeida, Valdemiza Gurgel"]
[Black "Frankental, David"]
[Result "0-1"]
[WhiteElo "1363"]
[BlackElo "1769"]
[PlyCount "88"]
[EventDate "2016.03.11"]
[EventType "swiss"]
[EventRounds "6"]
[EventCountry "BRA"]
[SourceTitle "CBM 171 Extra"]
[Source "ChessBase"]
[SourceDate "2016.04.26"]
[SourceVersion "1"]
[SourceVersionDate "2016.04.26"]
[SourceQuality "1"]

1. d4 d5 2. e3 e6 3. c4 c5 4. Nf3 Nc6 5. Be2 cxd4 6. exd4 Bb4+ 7. Bd2 Bxd2+ 8. Nbxd2 dxc4 9. Nxc4 Nf6 10. Qa4 0-0 11. Ncd2 Qd7 12. h3 a6 13. 0-0 Rd8 14. Nb3 b5 15. Bxb5 axb5 16. Qxa8 Bb7 17. Nc5 Bxa8 18. Nxd7 Rxd7 19. Rad1 h6 20. Rfe1 Nb4 21. Ne5 Rd8 22. a3 Nc6 23. Nf3 Ne7 24. Ne5 Nd7 25. Nd3 Nb6 26. Nb4 Nc4 27. Re2 Nc6 28. Nxc6 Bxc6 29. Rc2 Bd5 30. Ra1 Be4 31. Re2 Rxd4 32. b3 Nb6 33. f3 Bd5 34. Re5 f6 35. Re3 e5 36. a4 bxa4 37. bxa4 Nxa4 38. Rea3 Nc5 39. Rc3 Ne6 40. Rc8+ Kh7 41. Ra7 Rd2 42. Rd7 Nf4 43. Rcc7 Rxg2+ 44. Kf1 Bxf3 0-1

[Event "Joao Pessoa-ch"]
[Site "Joao Pessoa"]
[Date "2014.08.01"]
[Round "2"]
[White "De Almeida, Valdemiza Gurgel"]
[Black "Rocha, Vitor Firmo de Souz"]
[Result "0-1"]
[WhiteElo "1395"]
[BlackElo "2021"]
[PlyCount "58"]
[EventDate "2014.08.01"]
[EventType "swiss"]
[EventRounds "6"]
[EventCountry "BRA"]
[SourceTitle "CBM 161 Extra"]
[Source "ChessBase"]
[SourceDate "2014.08.29"]
[SourceVersion "1"]
[SourceVersionDate "2014.08.29"]
[SourceQuality "1"]

1. g3 d5 2. Bg2 e5 3. d3 Nc6 4. Nf3 Nf6 5. 0-0 Be7 6. b3 0-0 7. Bb2 d4 8. Nbd2 Re8 9. Re1 Bc5 10. Kh1 Ng4 11. Rf1 f5 12. Ng1 Be6 13. f3 Ne3 14. Qc1 Nxf1 15. Qxf1 Qe7 16. Qe1 Rad8 17. Qf1 Nb4 18. c3 Nc2 19. Rc1 Ne3 20. Qe1 Bb6 21. c4 Bc5 22. Nb1 Bf7 23. Qf2 Bg6 24. f4 e4 25. Nh3 Bh5 26. Nd2 Bb4 27. Nf1 Nxg2 28. Qxg2 exd3 29. exd3 Be2 0-1

[Event "Joao Pessoa AXCV 2nd"]
[Site "Joao Pessoa"]
[Date "2014.07.19"]
[Round "2.7"]
[White "Gomes, Genildo de Souza"]
[Black "De Almeida, Valdemiza Gurgel"]
[Result "0-1"]
[WhiteElo "1677"]
[BlackElo "1383"]
[PlyCount "90"]
[EventDate "2014.07.18"]
[EventType "swiss"]
[EventRounds "5"]
[EventCountry "BRA"]
[SourceTitle "EXT 2022"]
[Source "ChessBase"]
[SourceDate "2021.10.06"]
[SourceVersion "1"]
[SourceVersionDate "2021.10.06"]
[SourceQuality "1"]

1. d4 d5 2. c4 Nf6 3. Nc3 e6 4. Nf3 Be7 5. Bf4 a6 6. e3 0-0 7. Qc2 Re8 8. c5 Nbd7 9. Bd3 Nf8 10. b4 c6 11. Ne5 a5 12. b5 Bd7 13. b6 Nh5 14. Bg3 Bh4 15. a4 Ng6 16. Qe2 Nxe5 17. Bxh7+ Kf8 18. Qxh5 Bxg3 19. hxg3 Nc4 20. Bg6 fxg6 21. Qxg6 Qf6 22. Qxf6+ gxf6 23. Rh7 Rad8 24. Ke2 e5 25. Rah1 exd4 26. Rh8+ Kf7 27. R1h7+ Ke6 28. Rxe8+ Rxe8 29. exd4 Kf5+ 30. Kf1 Bc8 31. Rc7 Kg6 32. f3 Ne3+ 33. Ke1 Nxg2+ 34. Kf2 Ne3 35. Nb1 Nd1+ 36. Kf1 Ne3+ 37. Kg1 Nf5 38. Nd2 Nxd4 39. Kf2 Re2+ 40. Kg1 Re8 41. Kf2 Ne6 42. Nb3 Nxc7 43. bxc7 Re7 44. Nxa5 Rxc7 45. Nb3 Re7 0-1

[Event "Fortaleza Alves Memorial 19th"]
[Site "Fortaleza"]
[Date "2014.05.18"]
[Round "5"]
[White "Menezes, Jeferson de Mello"]
[Black "De Almeida, Valdemiza Gurgel"]
[Result "0-1"]
[WhiteElo "1763"]
[BlackElo "1389"]
[PlyCount "58"]
[EventDate "2014.05.16"]
[EventType "swiss"]
[EventRounds "6"]
[EventCountry "BRA"]
[SourceTitle "CBM 160 Extra"]
[Source "ChessBase"]
[SourceDate "2014.07.01"]
[SourceVersion "1"]
[SourceVersionDate "2014.07.01"]
[SourceQuality "1"]

1. d4 d5 2. c4 e6 3. Nc3 Ne7 4. Nf3 Nbc6 5. Bg5 b6 6. e3 Bb7 7. cxd5 exd5 8. Be2 a6 9. 0-0 Qd7 10. Rc1 0-0-0 11. a3 Kb8 12. Qc2 f6 13. Bh4 Nf5 14. Na4 Be7 15. Rfe1 g5 16. Bg3 Nxg3 17. fxg3 h5 18. Bxa6 h4 19. gxh4 g4 20. Nd2 Rxh4 21. Bb5 Qd6 22. g3 Rh3 23. Bxc6 Rdh8 24. Re2 Rxh2 25. Rxh2 Qxg3+ 26. Rg2 Qxe3+ 27. Rf2 Qh3 28. Bxd5 Bd6 29. Ne4 Qh1# 0-1

[Event "Joao Pessoa AXCV op 1st"]
[Site "Joao Pessoa"]
[Date "2014.04.05"]
[Round "2"]
[White "Da Silva, Antonio Dutra"]
[Black "De Almeida, Valdemiza Gurgel"]
[Result "1-0"]
[WhiteElo "1772"]
[BlackElo "1394"]
[PlyCount "75"]
[EventDate "2014.04.04"]
[EventType "swiss"]
[EventRounds "5"]
[EventCountry "BRA"]
[SourceTitle "EXT 2018"]
[Source "ChessBase"]
[SourceDate "2017.10.13"]
[SourceVersion "1"]
[SourceVersionDate "2017.10.13"]
[SourceQuality "1"]

1. Nf3 d6 2. g3 c6 3. Bg2 g6 4. 0-0 Bg7 5. d3 Nf6 6. Nbd2 0-0 7. e4 e5 8. Rb1 Nbd7 9. b4 b5 10. Bb2 Qc7 11. c4 a6 12. a4 Rb8 13. Bc3 c5 14. axb5 axb5 15. cxb5 Rxb5 16. bxc5 Qxc5 17. Rc1 Qb6 18. Nc4 Qa6 19. Ra1 Qc6 20. Rc1 Qa6 21. Re1 Re8 22. Re2 Bf8 23. Ra1 Qc6 24. Rc2 Rc5 25. Rac1 Bh6 26. Bd2 Bg7 27. Bb4 Rb5 28. Nxd6 Qb6 29. Nxe8 Bb7 30. Nxf6+ Bxf6 31. Bd2 Kg7 32. Be3 Qe6 33. h4 h6 34. Kh2 Qe7 35. Rc7 Qd8 36. Qd2 Nf8 37. Qa2 Ne6 38. Qxe6 1-0

[Event "Joao Pessoa op 08"]
[Site "Joao Pessoa"]
[Date "2013.08.04"]
[Round "5"]
[White "Cabral Mesquita, Jussier"]
[Black "De Almeida, Valdemiza Gurgel"]
[Result "1-0"]
[WhiteElo "1820"]
[BlackElo "1380"]
[PlyCount "61"]
[EventDate "2013.08.02"]
[EventType "swiss"]
[EventRounds "6"]
[EventCountry "BRA"]
[SourceTitle "CBM 155 Extra"]
[Source "ChessBase"]
[SourceDate "2013.08.26"]
[SourceVersion "1"]
[SourceVersionDate "2013.08.26"]
[SourceQuality "1"]

1. c4 Nf6 2. d4 g6 3. Nc3 Bg7 4. e4 d6 5. h3 0-0 6. Nf3 c6 7. Bd3 Nbd7 8. Be3 Qc7 9. Qc2 e5 10. d5 Nh5 11. g4 Nf4 12. 0-0-0 Nf6 13. Qd2 Nxd3+ 14. Qxd3 c5 15. Nd2 Bd7 16. f4 Ne8 17. f5 a5 18. a4 Qb6 19. Qc2 Nc7 20. Qb3 Qb4 21. Kc2 Qxb3+ 22. Kxb3 Rfb8 23. Ra1 Na6 24. Nb5 Bxb5 25. axb5 Nb4 26. Kc3 a4 27. Ra3 Ra7 28. Rha1 Rba8 29. b3 Nc2 30. Kxc2 axb3+ 31. Kxb3 1-0

[Event "Joao Pessoa op 08"]
[Site "Joao Pessoa"]
[Date "2013.08.02"]
[Round "1"]
[White "Rodrigues, Rodrigo Soares"]
[Black "De Almeida, Valdemiza Gurgel"]
[Result "1-0"]
[WhiteElo "2004"]
[BlackElo "1380"]
[PlyCount "57"]
[EventDate "2013.08.02"]
[EventType "swiss"]
[EventRounds "6"]
[EventCountry "BRA"]
[SourceTitle "CBM 155 Extra"]
[Source "ChessBase"]
[SourceDate "2013.08.26"]
[SourceVersion "1"]
[SourceVersionDate "2013.08.26"]
[SourceQuality "1"]

1. d4 Nf6 2. c4 d6 3. Nc3 c6 4. e4 Qc7 5. f3 g6 6. Be3 Bg7 7. Nge2 Nbd7 8. Qd2 0-0 9. Nc1 Re8 10. Nd3 e5 11. dxe5 dxe5 12. Be2 b6 13. 0-0 Bb7 14. Rfd1 Rad8 15. Qc2 Nf8 16. Nc1 Qe7 17. Nb3 N6d7 18. a4 c5 19. Nb5 Ne6 20. Nd6 Nd4 21. Nxd4 Qxd6 22. Nb5 Qc6 23. Nxa7 Qf6 24. Nb5 Bf8 25. Nc7 Re7 26. Nd5 Bxd5 27. cxd5 Ree8 28. Qd2 Bg7 29. Bg5 1-0

[Event "Natal Potiguar op"]
[Site "Natal"]
[Date "2013.07.06"]
[Round "4"]
[White "Maia, Jose Simplicio"]
[Black "De Almeida, Valdemiza Gurgel"]
[Result "1-0"]
[WhiteElo "1970"]
[BlackElo "1384"]
[PlyCount "57"]
[EventDate "2013.07.05"]
[EventType "swiss"]
[EventRounds "6"]
[EventCountry "BRA"]
[SourceTitle "EXT 2014"]
[Source "ChessBase"]
[SourceDate "2013.11.20"]
[SourceVersion "1"]
[SourceVersionDate "2013.11.20"]
[SourceQuality "1"]

1. e4 d6 2. Bc4 Nf6 3. Nc3 c6 4. Bb3 Nbd7 5. d4 b5 6. a3 Bb7 7. Nf3 g6 8. Ng5 e6 9. 0-0 Bg7 10. Bxe6 fxe6 11. Nxe6 Qb6 12. Nxg7+ Kf7 13. Bh6 Bc8 14. h3 Ne8 15. Nxe8 Rxe8 16. Qf3+ Nf6 17. Rad1 Re6 18. d5 Re5 19. g4 g5 20. dxc6 Kg6 21. Rxd6 Be6 22. Nd5 Nxd5 23. exd5 Re8 24. dxe6 R8xe6 25. Qf8 Qc7 26. Rxe6+ Rxe6 27. Qf5+ Kxh6 28. Qxe6+ Kg7 29. Qd7+ 1-0

[Event "Fortaleza Alves memorial 17th"]
[Site "Fortaleza"]
[Date "2013.05.17"]
[Round "2"]
[White "Macedo, Alexandre Soares"]
[Black "De Almeida, Valdemiza Gurgel"]
[Result "1-0"]
[WhiteElo "1853"]
[BlackElo "1370"]
[PlyCount "65"]
[EventDate "2013.05.17"]
[EventType "swiss"]
[EventRounds "6"]
[EventCountry "BRA"]
[SourceTitle "CBM 154 Extra"]
[Source "ChessBase"]
[SourceDate "2013.06.25"]
[SourceVersion "2"]
[SourceVersionDate "2013.06.25"]
[SourceQuality "1"]

1. f4 Nc6 2. Nf3 d6 3. d4 Nf6 4. d5 Nb8 5. Nc3 g6 6. e4 Bg7 7. Be3 0-0 8. h3 c6 9. Be2 Re8 10. 0-0 b5 11. e5 Nfd7 12. dxc6 Nxc6 13. Bxb5 Bb7 14. exd6 a6 15. Bc4 e6 16. Ne4 Bxb2 17. Rb1 Na5 18. Bd3 Bxe4 19. Bxe4 Rb8 20. Nd4 Qb6 21. Nf5 Qb4 22. Ng3 Nc4 23. Ba7 Rbc8 24. Bd4 Qxd6 25. Bxb2 Qxd1 26. Rfxd1 f5 27. Bb7 Rc7 28. Bxa6 Ne3 29. Rd2 Nxc2 30. Rc1 Ra7 31. Rcxc2 Nb6 32. Bb5 Kf7 33. Ne2 1-0

[Event "Joao Pessoa op 4th"]
[Site "Joao Pessoa"]
[Date "2013.03.16"]
[Round "3"]
[White "De Araujo, Antonio Jose"]
[Black "De Almeida, Valdemiza Gurgel"]
[Result "1-0"]
[WhiteElo "1752"]
[BlackElo "1377"]
[PlyCount "85"]
[EventDate "2013.03.15"]
[EventType "swiss"]
[EventRounds "6"]
[EventCountry "BRA"]
[SourceTitle "CBM 153 Extra"]
[Source "ChessBase"]
[SourceDate "2013.04.22"]
[SourceVersion "1"]
[SourceVersionDate "2013.04.22"]
[SourceQuality "1"]

1. Nf3 d6 2. d4 c6 3. c4 Nf6 4. h3 g6 5. Bf4 Bg7 6. e3 0-0 7. Bd3 Nbd7 8. 0-0 Re8 9. Nc3 Qb6 10. Qc2 a6 11. Rab1 Qc7 12. c5 e5 13. cxd6 Qxd6 14. dxe5 Nxe5 15. Bxe5 Rxe5 16. Nxe5 Qxe5 17. Rfd1 Qg5 18. f4 Qg3 19. Qf2 Qxf2+ 20. Kxf2 b5 21. Ne4 Nd5 22. a3 Bf5 23. Nc5 Bc8 24. Be4 Ne7 25. Rdc1 h5 26. Rd1 f5 27. Bf3 Rb8 28. Rd8+ Kh7 29. Nxa6 Ra8 30. Nb4 Ra4 31. Nxc6 Rc4 32. Nxe7 Rc2+ 33. Kg3 Be6 34. Nd5 g5 35. Nb4 Rc7 36. Rd6 Re7 37. Kf2 Bf6 38. Nd5 Bxd5 39. Rxf6 Be6 40. Rf8 g4 41. hxg4 fxg4 42. Be2 Rg7 43. Bd3+ 1-0

[Event "Recife Arraes Memorial 5th"]
[Site "Recife"]
[Date "2012.09.07"]
[Round "3"]
[White "Prisma, Zenil Da Costa"]
[Black "De Almeida, Valdemiza Gurgel"]
[Result "1-0"]
[WhiteElo "1790"]
[BlackElo "1391"]
[PlyCount "83"]
[EventDate "2012.09.06"]
[EventType "swiss"]
[EventRounds "7"]
[EventCountry "BRA"]
[SourceTitle "EXT 2013"]
[Source "ChessBase"]
[SourceDate "2012.11.22"]
[SourceVersion "1"]
[SourceVersionDate "2012.11.22"]
[SourceQuality "1"]

1. d4 Nf6 2. c4 c6 3. Nc3 d6 4. Nf3 g6 5. Bf4 Bg7 6. e3 0-0 7. Be2 Qc7 8. 0-0 b6 9. h3 Nbd7 10. Rc1 Bb7 11. a4 Rfe8 12. Qc2 e5 13. dxe5 dxe5 14. Bh2 Rab8 15. b4 Re7 16. Rfd1 Rbe8 17. b5 c5 18. e4 Qc8 19. Nd5 Nxd5 20. cxd5 Nf6 21. Bc4 Bh6 22. Ra1 a5 23. bxa6 Bxa6 24. Bb5 Rd8 25. Bxe5 Bg7 26. d6 Ra7 27. Bxf6 Bxf6 28. e5 Bg7 29. Qc4 Qf5 30. Bxa6 Bxe5 31. Nxe5 Qxe5 32. Bb5 Rxd6 33. Re1 Qf6 34. Re8+ Kg7 35. Rf1 Rd4 36. Qe2 Raxa4 37. Bxa4 Rxa4 38. Rb8 c4 39. Qe8 Kh6 40. Qxa4 Qd6 41. Rc8 Qe6 42. Qxc4 1-0